Trace the Borders of Switzerland - Statistics

General Stats
  • This quiz has been taken 153 times
  • The average score is 16 of 29
Answers on the Map
Answers color-coded by a green-red scale on the quiz's map according to % correct below.
 
Answer Stats
Canton % Correct
Geneva
99%
Vaud
78%
Neuchâtel
77%
Jura
72%
Basel-Landschaft
62%
Solothurn
59%
Basel-Landschaft
57%
Geneva
56%
Zürich
55%
Vaud
54%
Zürich
54%
Aargau
53%
Basel-Landschaft
53%
Graubünden
53%
Schaffhausen
53%
Thurgau
53%
Ticino
53%
Basel-Landschaft
52%
Schaffhausen
52%
Solothurn
52%
Basel-Stadt
51%
St. Gallen
50%
Valais
50%
Geneva
49%
Thurgau
49%
Vaud
49%
Schaffhausen
48%
St. Gallen
47%
Thurgau
46%
No matching quizzes found
Score Distribution
Percent of People with Each Score
Percentile by Number Answered
Your Score History
You have not taken this quiz